000 00527nam a22001697a 4500
020 _a978-93-6100-375-2
082 _a494.812 59
_bRAM/M
100 _aRamaswamy Iyer L V
245 _aMalayala roopimangalude parinamam:
_bthe evolution of malayalam morphology/
_cby Ramaswamy Iyer L V
260 _aThiruvananthapuram:
_bThe State Institute of Languages,
_c2025.
300 _a365p.
650 _aMorphology - Malayalam
650 _aMalayalam Grammar
650 _aLanguage Malayalam
650 _aLanguage
942 _cBK
999 _c181878
_d181878